Mathematics : (Record no. 4194)
[ view plain ]
| 000 -LEADER | |
|---|---|
| fixed length control field | 01896cac a22003131u 4500 |
| 008 - FIXED-LENGTH DATA ELEMENTS--GENERAL INFORMATION | |
| fixed length control field | 081119t 2004xxu||||| |||| 00| 0 eng d |
| 010 ## - LIBRARY OF CONGRESS CONTROL NUMBER | |
| LC control number | 2004042255 |
| 020 ## - INTERNATIONAL STANDARD BOOK NUMBER | |
| International Standard Book Number | 047165664X |
| 082 00 - DEWEY DECIMAL CLASSIFICATION NUMBER | |
| Classification number | 650.01513 |
| Item number | SUL |
| Edition number | 22 |
| 100 ## - MAIN ENTRY--PERSONAL NAME | |
| Personal name | Sullivan, Michael, |
| 9 (RLIN) | 9069 |
| 245 10 - TITLE STATEMENT | |
| Title | Mathematics : |
| Remainder of title | an Applied Approach / |
| Statement of responsibility, etc | Michael Sullivan, Abe Mizrahi. |
| 250 ## - EDITION STATEMENT | |
| Edition statement | 8th ed. |
| 260 ## - PUBLICATION, DISTRIBUTION, ETC. (IMPRINT) | |
| Place of publication, distribution, etc | New York : |
| Name of publisher, distributor, etc | John Wiley, |
| Date of publication, distribution, etc | c2004. |
| 300 ## - PHYSICAL DESCRIPTION | |
| Extent | xx, 997, 89, 7, 14, 112, 11 p. : |
| Other physical details | col. ill. ; |
| Dimensions | 27 cm. |
| 500 ## - GENERAL NOTE | |
| General note | Revision of: Mathematics : an applied approach / Abe Mizrahi, Michael Sullivan. 7th ed. c2000. |
| 500 ## - GENERAL NOTE | |
| General note | Includes index. |
| 650 #0 - SUBJECT ADDED ENTRY--TOPICAL TERM | |
| Topical term or geographic name as entry element | Business mathematics. |
| 9 (RLIN) | 9070 |
| 650 #0 - SUBJECT ADDED ENTRY--TOPICAL TERM | |
| Topical term or geographic name as entry element | Business mathematics |
| Form subdivision | Problems, exercises, etc. |
| 9 (RLIN) | 9071 |
| 650 #0 - SUBJECT ADDED ENTRY--TOPICAL TERM | |
| Topical term or geographic name as entry element | Social sciences |
| General subdivision | Mathematics. |
| 9 (RLIN) | 9072 |
| 700 1# - ADDED ENTRY--PERSONAL NAME | |
| Personal name | Mizrahi, Abe. |
| 9 (RLIN) | 9073 |
| 856 42 - ELECTRONIC LOCATION AND ACCESS | |
| Materials specified | Publisher description |
| Uniform Resource Identifier | <a href="http://www.loc.gov/catdir/description/wiley041/2004042255.html">http://www.loc.gov/catdir/description/wiley041/2004042255.html</a> |
| 856 42 - ELECTRONIC LOCATION AND ACCESS | |
| Materials specified | Table of contents only |
| Uniform Resource Identifier | <a href="http://www.loc.gov/catdir/toc/wiley041/2004042255.html">http://www.loc.gov/catdir/toc/wiley041/2004042255.html</a> |
| 856 42 - ELECTRONIC LOCATION AND ACCESS | |
| Materials specified | Contributor biographical information |
| Uniform Resource Identifier | <a href="http://www.loc.gov/catdir/enhancements/fy0617/2004042255-b.html">http://www.loc.gov/catdir/enhancements/fy0617/2004042255-b.html</a> |
| 942 ## - ADDED ENTRY ELEMENTS (KOHA) | |
| Item type | Book - Borrowing |
| Call number prefix | 650.01513 SUL |
| Source of classification or shelving scheme | Dewey Decimal Classification |
| Withdrawn status | Item status | Source of classification or shelving scheme | Damaged status | Not for loan | Home library | Current library | Shelving location | Date acquired | Source of acquisition | Total Checkouts | Total Renewals | Full call number | Barcode | Date last seen | Date last borrowed | Koha item type | Vendor |
|---|---|---|---|---|---|---|---|---|---|---|---|---|---|---|---|---|---|
| Dewey Decimal Classification | Central Library | Central Library | First floor | 26/08/2007 | Purchase | 13 | 16 | 650.01513 SUL | 000000271 | 15/07/2025 | 12/10/2023 | Book - Borrowing | |||||
| Dewey Decimal Classification | Central Library | Central Library | First floor | 26/08/2007 | Purchase | 5 | 650.01513 SUL | 000005241 | 15/07/2025 | 08/10/2013 | NB - Book (Non borrowing) | ||||||
| Dewey Decimal Classification | Central Library | Central Library | First floor | 21/10/2009 | 4 | 34 | 650.01513 SUL | 000018411 | 15/07/2025 | 24/09/2017 | Book - Borrowing | Baccah | |||||
| Lost and Paid For | Dewey Decimal Classification | Central Library | Central Library | First floor | 21/10/2009 | 1 | 1 | 650.01513 SUL | 000018418 | 06/07/2011 | 10/01/2010 | Book - Borrowing | Baccah |